MARC details
| 000 -LEADER |
| fixed length control field |
02886nam a2200289 4500 |
| 008 - FIXED-LENGTH DATA ELEMENTS--GENERAL INFORMATION |
| fixed length control field |
s2004 fr fre u |
| 020 ## - INTERNATIONAL STANDARD BOOK NUMBER |
| International Standard Book Number |
2011164230 |
| 020 ## - INTERNATIONAL STANDARD BOOK NUMBER |
| International Standard Book Number |
9782011164230 |
| 040 ## - CATALOGING SOURCE |
| Original cataloging agency |
LB-BrCRDP |
| 082 1# - DEWEY DECIMAL CLASSIFICATION NUMBER |
| Classification number |
CM1 |
| Item number |
FRA |
| 100 1# - MAIN ENTRY--PERSONAL NAME |
| Personal name |
Léon, Renée |
| 245 10 - TITLE STATEMENT |
| Title |
Français - CM1. Des outils pour dire, lire et écrire |
| Statement of responsibility, etc. |
Renée Léon |
| 260 ## - PUBLICATION, DISTRIBUTION, ETC. |
| Place of publication, distribution, etc. |
Paris |
| Name of publisher, distributor, etc. |
Hachette |
| Date of publication, distribution, etc. |
2004 |
| 300 ## - PHYSICAL DESCRIPTION |
| Extent |
223 p. |
| Other physical details |
couv. couleur, ill. coul. |
| Dimensions |
29 cm |
| 490 0# - SERIES STATEMENT |
| Series statement |
Les ateliers Hachette |
| 500 ## - GENERAL NOTE |
| General note |
Sommaire. |
| 520 ## - SUMMARY, ETC. |
| Summary, etc. |
Un manuel complet et dynamique, une structure claire : 15 projets d'écriture originaux et progressifs ; 44 leçons pour aborder les notions essentielles de l'Observation réfléchie de la langue au CM1 ; une boîte à outils de fiches et de tableaux pratiques.15 projets d'écriture pour maîtriser la langue dans toutes les disciplines: éducation civique, histoire, géographie, sciences... Chaque projet d'écriture est mené pas à pas en trois étapes : observation (à partir de documents stimulants), préparation (mise au point d'outils), écriture-réécriture (mise en oeuvre, brouillon, grille d'auto-évaluation). L'objectif est précis et les leçons d'Observation réfléchie de la langue nécessaires pour la conduite de chaque projet bien indiquées.L'élève apprend à mobiliser les outils de la langue pour produire de l'écrit dans des situations qui ont du sens. Les rubriques " Sais-tu que ? ", " Réfléchis " complètent et élargissent chaque projet. La rubrique " Le coin des livres " offre des mini-bibliographies qui prolongent chacun des quinze projets et ouvrent sur des textes intégraux et des documents longs. Des outils pour dire, lire et écrire Grammaire - Conjugaison - Orthographe - Vocabulaire - Grammaire de texte.Pour chaque notion au programme, l'apprentissage est mené en quatre étapes: observation (de mises en situation et de documents variés), entraînement (exercices progressifs oraux et écrits), lecture et compréhension (notamment à partir de textes), écriture (mini-projets d'écriture progressifs). Les leçons s'appuient fortement sur l'oral, la lecture et l'écriture de documents et d'extraits de textes issus de toutes les disciplines, y compris la littérature de jeunesse.Les rubriques " Faisons le point ", " Le petit atelier" et " Je me creuse la tête " enrichissent ces leçons par des activités dynamiques à conduire en petits groupes. La boîte à outils: un aide-mémoire pratique : À la fin de l'ouvrage, une série de fiches d'orthographe et de tableaux récapitulatifs permet à l'élève de travailler en autonomie. |
| 650 4# - SUBJECT ADDED ENTRY--TOPICAL TERM |
| Topical term or geographic name entry element |
Projet d'écriture |
| 650 4# - SUBJECT ADDED ENTRY--TOPICAL TERM |
| Topical term or geographic name entry element |
Interdisciplinarité |
| 650 4# - SUBJECT ADDED ENTRY--TOPICAL TERM |
| Topical term or geographic name entry element |
Grammaire |
| 650 4# - SUBJECT ADDED ENTRY--TOPICAL TERM |
| Topical term or geographic name entry element |
Conjugaison |
| 650 4# - SUBJECT ADDED ENTRY--TOPICAL TERM |
| Topical term or geographic name entry element |
Orthographe |
| 650 4# - SUBJECT ADDED ENTRY--TOPICAL TERM |
| Topical term or geographic name entry element |
Vocabulaire |
| 650 4# - SUBJECT ADDED ENTRY--TOPICAL TERM |
| Topical term or geographic name entry element |
EB4 |
| 942 ## - ADDED ENTRY ELEMENTS (KOHA) |
| Koha item type |
Books |